000 00324nam a2200133 i 4500
001 bg
100 1 _aMACHCZYŃSKI, W.
245 0 _aPrądy i potencjały wzdłuż obwodów... /
_cW.Machczyński.
260 _aPoznań,
_c1988.
040 _cBPK
041 _apol
942 _cKS
008 s pl f |000 0 pol
999 _c28764
_d28764
856 _uhttp://koha.tu.koszalin.pl/cgi-bin/koha/opac-detail.pl?biblionumber=28764
_yKatalog online BPK